NCAA Football National Champions - Statistics

General Stats
  • This quiz has been taken 65 times
  • The average score is 80 of 101
Answer Stats
Hint Answer % Correct
1961 | 1964 | 1965 | +10 others Alabama
98%
1948 | 1997 | 2023 Michigan
98%
1942 | 1954 | 1957 | +5 others Ohio state
95%
1980 | 2021 | 2022 Georgia
91%
1962 | 1967 | 1972 | +3 others USC
91%
1996 | 2006 | 2008 Florida
88%
1958 | 2003 | 2007 | 2019 LSU
88%
1993 | 1999 | 2013 Florida State
86%
1950 | 1955 | 1956 | +4 others Oklahoma
84%
1981 | 2016 | 2018 Clemson
81%
1954 UCLA
81%
1963 | 1969 | 1970 | 2005 Texas
79%
1983 | 1987 | 1989 | +2 others Miami
74%
1943 | 1946 | 1947 | +6 others Notre Dame
74%
1951 | 1998 Tennessee
74%
1952 | 1965 | 1966 Michigan State
70%
1970 | 1971 | 1994 | +2 others Nebraska
70%
1991 Washington
67%
1957 | 2010 Auburn
65%
1958 Iowa
60%
1940 | 1941 | 1960 Minnesota
60%
1982 | 1986 Penn State
56%
1990 Georgia Tech
53%
1964 Arkansas
49%
1990 Colorado
49%
1984 BYU
47%
1953 Maryland
47%
1959 Syracuse
44%
1944 | 1945 Army
40%
1960 Ole Miss
40%
1976 Pitt
33%
No matching quizzes found
Score Distribution
Percent of People with Each Score
Percentile by Number Answered
Your Score History
You have not taken this quiz